00292nam a2200133Ia 4500003000900000008004100009040001300050040001300063100002300076245002700099260001800126300000800144490000600152IT-RoPAU120407s9999 xx 000 0 und d aIT-RoPAU cIT-RoPAU aAlessandro Scurani aCosa leggere di storia aBibliografica c cm v1